Normal view
MARC view
- Banks and Banking--Kenya
Entry Topical Term
001 - CONTROL NUMBER
- control field: 202091
003 - CONTROL NUMBER IDENTIFIER
- control field: KE-NaSUL
005 - DATE AND TIME OF LATEST TRANSACTION
- control field: 20250825235456.0
008 - FIXED-LENGTH DATA ELEMENTS
- fixed length control field: 250825|| aca||aabn | a|a d
040 ## - CATALOGING SOURCE
- Original cataloging agency: KE-NaSUL
- Transcribing agency: KE-NaSUL
150 ## - HEADING--TOPICAL TERM
- Topical term or geographic name as entry element: Banks and Banking--Kenya
670 ## - SOURCE DATA FOUND
- Source citation: Work cat.: (KE-NaSUL)159272: Kabuuri, George Ndegwa 202090, Determinants of commercial bank profitability in Kenya, 2011